000 00341nam a2200133Ia 4500
008 240624s9999 xx 000 0 und d
041 _aeng
082 _a657.45 WES
100 _aWEST CHRISTOPHER
245 _aMARKET RESEARCH AUDIT
260 _aUK
_bCambridge Strategy Publications Ltd
300 _a118 : p. : cm. ; 29
365 _cRS
_b50
999 _c28482
_d28482